| 000 | 01485nam a22003857a 4500 | ||
|---|---|---|---|
| 003 | CHAP | ||
| 005 | 20220329134439.0 | ||
| 008 | 971013s1980 r 00010 d | ||
| 010 | _a20602 | ||
| 011 | _a21574 | ||
| 035 | _a25664 | ||
| 040 | _cCHAP | ||
| 090 | _aTesis | ||
| 100 | 0 | 0 |
_aCepeda Castañeda, Ignacio Javier. _921311 |
| 245 | _aEvaluación del rendimiento y calidad de ensilaje de girasol (Helianthus annus L.) solo y asociado con mijo perla (Pennisetum glaucum L.) cortado en diferentes estados de floración (50 y 100) y análisis químico proximal | ||
| 260 |
_a(Monterrey, N.L.) : _bEl autor, _c1980 |
||
| 300 | _a109 h. | ||
| 502 | _aTesis (Ing. Agrónomo en Producción Agropecuaria) -- ITESM. División de Ciencias Agropecuarias y Marítimas. | ||
| 590 |
_aALEPH _b10 _c20130110 _lUCH01 _h1244 |
||
| 590 |
_aBATCH-UPD _b10 _c20130109 _lUCH01 _h2332 |
||
| 590 |
_aBATCH-UPD _b10 _c20130110 _lUCH01 _h0221 |
||
| 590 |
_aBATCH-UPD _b10 _c20130110 _lUCH01 _h1818 |
||
| 590 |
_aBATCH-UPD _b10 _c20130409 _lUCH01 _h1858 |
||
| 590 |
_aBATCH-UPD _b10 _c20130410 _lUCH01 _h1152 |
||
| 590 |
_aBATCH-UPD _b10 _c20130914 _lUCH01 _h0911 |
||
| 590 |
_aCONVERSION _b10 _c20130109 _lUCH01 _h1312 |
||
| 650 | 1 | 4 |
_aCultivos asociados. _930370 |
| 650 | 1 | 4 |
_aEnsilaje. _937102 |
| 650 | 1 | 4 |
_aGirasol _xRendimiento. _948171 |
| 650 | 1 | 4 |
_aMijo perla _xRendimiento. _975682 |
| 650 | 1 | 4 |
_aPlantas _xFloración. _988841 |
| 901 | _aBK | ||
| 942 | _cTESIS | ||
| 949 |
_bBC _cTES _d-59160 _eTS1 _i25664 _si |
||
| 999 |
_c20602 _d20602 |
||